000
00320nam a2200133Ia 4500
008
210716s1990 xx 000 0 und d
041
_a
eng
082
_a
003.57 CROP
100
_a
Crookes Philip.
245
_a
Ventura adventure.
250
_a
1
260
_a
New Delhi
_b
Galgotia Publications
_c
1990
300
_a
216,6
999
_c
182735
_d
182735